000 00987nam a2200265Ia 4500
003 OSt
005 20220918110925.0
006 a|||||r|||| 00| 0
007 ta
008 220915b |||||||| |||| 00| 0 hin d
020 _a8177143255 (hbk)
_c425
024 _a259843
037 _b376, 11/02/2011, Swaraj Prakashan
_cReference Collections
040 _aARTS
_cARTS
_bhin
041 _2hin
_ahin
082 _aO152,1I00x, N4(RR)
100 _aदास, श्यामसुंदर, संपा.
245 0 _aकबीर ग्रंथावली
246 _aKabīr granthāvalī
260 _aनई दिल्ली
_bप्रकाशन संस्थान भारत
_c2010
300 _a325पृ0
650 _aहिन्दी साहित्य
942 _hO152,1I00x, N4(RR)
_cREF
999 _c115772
_d115772